| 000 | 00561nam a2200181Ia 4500 | ||
|---|---|---|---|
| 008 | 220216s9999 xx 000 0 und d | ||
| 100 | _aCorre V Le | ||
| 245 | 0 | _aAssessment of the type and degree of restriction fragment length polymorphism (RFLP) in diploid species of the genus Triticum | |
| 260 |
_bTheoretical and Applied Genetics _c1995 |
||
| 300 | _a1063-1067 | ||
| 650 | _aDiversity | ||
| 650 | _aRFLP | ||
| 650 | _aT.monoccum ssp.boeoticum | ||
| 650 | _aT.monococcum ssp. monococcum | ||
| 650 | _aT.urartu | ||
| 700 | _aBernard M | ||
| 942 | _cJS | ||
| 999 |
_c54557 _d54557 |
||